000 00696nam a2200205 i 4500
001 134720
003 ES-MaACL
005 20230906194730.0
007 t|
008 070913s1981 sp ||||1| spa d
100 1 _aWeinrich, Harald.
_9116369
245 1 0 _aLenguaje en textos /
_cHarald Weinrich ; versión de Francisco Meno Blanco.
260 _aMadrid :
_bGredos,
_c[1981]
300 _a466 p. ;
_c20 cm.
490 1 _aBiblioteca románica hispánica. II. Estudios y ensayos ;
_v312
700 1 _aMeno Blanco, Francisco.
_980374
830 0 _aBiblioteca románica hispánica. II. Estudios y ensayos ;
_v312
_9178108
852 _aES-MaACL
_jL-1055
_bR.101504
999 _c134720
_d134720